| 000 | 00633cam a22002291a 4500 | ||
|---|---|---|---|
| 001 | ne 62000542 | ||
| 003 | DLC | ||
| 005 | 20260227111735.0 | ||
| 008 | 840509s1955 tu b 000 0btur | ||
| 010 | _ane 62000542 | ||
| 035 | _a(OCoLC)25767353 | ||
| 040 |
_aDLC _cNjP _dMiU _dDLC |
||
| 042 | _apremarc | ||
| 043 | _aa-tu--- | ||
| 050 | 0 | 0 |
_aDR592.K4 _bS57 |
| 245 | 0 | 0 | _aYakınlarından hatıralar. |
| 260 |
_aİstanbul : _bSel Yayınları, _c1955. |
||
| 300 |
_a119 p. ; _c17 cm. |
||
| 490 | 0 |
_aAtatürk kütüphanesi ; _v8 |
|
| 504 | _aIncludes bibliographical references (p. 119). | ||
| 600 | 1 | 0 |
_aAtatürk, Kemal, _d1881-1938. |
| 999 |
_c45078 _d45078 |
||